Comunicaciones militares (Record no. 95544)

MARC details
000 -LEADER
campo de control de longitud fija 00554nam a2200157 i 4500
001 - NÚMERO DE CONTROL
campo de control 95544
003 - IDENTIFICADOR DE NÚMERO DE CONTROL
campo de control ES-MaACL
007 - CAMPO FIJO DE DESCRIPCIÓN FÍSICA--INFORMACIÓN GENERAL
campo de control de longitud fija t|
008 - DATOS DE LONGITUD FIJA--INFORMACIÓN GENERAL
campo de control de longitud fija 050531s1923 sp ||||1| spa d
100 1# - ENTRADA PRINCIPAL--NOMBRE DE PERSONA
Nombre de persona Llave y Sierra, Joaquín de la.
9 (RLIN) 72735
245 10 - MENCIÓN DEL TÍTULO
Título Comunicaciones militares
Resto del título : medios de transporte /
Mención de responsabilidad, etc. por los comandantes Joaquín de la Llave y Sierra y Gustavo de Montand y Noguerol.
260 ## - PUBLICACIÓN, DISTRIBUCIÓN, ETC.
Lugar de publicación, distribución, etc. Madrid :
Nombre del editor, distribuidor, etc. [s.n.],
Fecha de publicación, distribución, etc. 1923 (
Fabricante Imp. Cervantina)
300 ## - DESCRIPCIÓN FÍSICA
Extensión 459 p. ;
Dimensiones 25 cm.
700 1# - ENTRADA AGREGADA--NOMBRE PERSONAL
Nombre de persona Montand y Noguerol, Gustavo de.
9 (RLIN) 82358
852 ## - LOCALIZACIÓN
Ubicación ES-MaACL
Número de control de estantería B-4384
Holdings
Estatus retirado Estado de pérdida Estado de daño No para préstamo Biblioteca de origen Biblioteca actual Ubicación en estantería Fecha de adquisición Fuente de adquisición Total de préstamos Signatura topográfica completa Código de barras Visto por última vez Precio de reemplazo Tipo de ítem Koha
        Biblioteca del Ateneo de Madrid Biblioteca del Ateneo de Madrid Sala Pardo Bazán 17/01/2008     B-4384 1099766 23/02/2023 23/02/2023 Libro impreso